000 00664nam a2200205 4500
001 118518
003 ES-MaACL
005 20250804062545.0
007 t|
008 070214s1967 sp r ||||1| spa d
100 1 _aPérez de Ayala, Ramón,
_d1880-1962
_990763
245 1 0 _aEscritos políticos /
_cRamón Pérez de Ayala ; presentación de Paulino Garagorri.
260 _aMadrid :
_bAlianza,
_c1967.
300 _a256 p. ;
_c18 cm.
490 1 _aEl libro de bolsillo ;
_v61
700 1 _aGaragorri, Paulino,
_d1916-2007
_953911
830 0 3 _aEl libro de bolsillo
_v61
_9177802
852 _aES-MaACL
_jC-32196
_bR.62949
999 _c118518
_d118518